Cities North of the Equator – Sudden Death - Statistics

General Stats
  • This quiz has been taken 52 times
  • The average score is 3 of 15
Answers on the Grid
Answers color-coded by a green-red scale on the quiz's grid according to % correct below.
Guayaquil, Ecuador
Quito, Ecuador
Caracas, Venezuela
Boa Vista, Brazil
Montevideo, Uruguay
São Luís, Brazil
Abidjan, Ivory Coast
Libreville, Gabon
Kinshasa, Democratic Republic of the Congo
Bangui, Central African Republic
Kigali, Rwanda
Kampala, Uganda
Nairobi, Kenya
Dar es Salaam, Tanzania
Jamaame, Somalia
Sambava, Madagascar
Muscat, Oman
Bengaluru, India
Colombo, Sri Lanka
Jambi, Indonesia
Singapore, Singapore
Bandung, Indonesia
Samarinda, Indonesia
General Santos, Philippines
Dili, East Timor
Wewak, Papua New Guinea
Lekinioch, Federated States of Micronesia
Buala, Solomon Islands
Yaren, Nauru
Bikenibeu, Kiribati
 
Answer Stats
Answer % Correct
Bengaluru, India
100%
Abidjan, Ivory Coast
33%
Caracas, Venezuela
33%
General Santos, Philippines
33%
Kampala, Uganda
33%
Muscat, Oman
33%
São Luís, Brazil
33%
Singapore, Singapore
33%
Bangui, Central African Republic
0%
Bikenibeu, Kiribati
0%
Boa Vista, Brazil
0%
Colombo, Sri Lanka
0%
Jamaame, Somalia
0%
Lekinioch, Federated States of Micronesia
0%
Libreville, Gabon
0%
No matching quizzes found
Score Distribution
Percent of People with Each Score
Percentile by Number Answered
Your Score History
You have not taken this quiz